[Event "Krasnodar Petrosian Memorial op"]
[Site "Krasnodar"]
[Date "2004.10.??"]
[Round "2"]
[White "Aleshin, Oleg"]
[Black "Ovsjuchenko, SI."]
[Result "1-0"]
[WhiteElo "2381"]
[BlackElo "2174"]
[PlyCount "131"]
[EventDate "2004.10.??"]
[EventType "swiss"]
[EventRounds "9"]
[EventCountry "RUS"]
[SourceTitle "EXT 2006"]
[Source "ChessBase"]
[SourceDate "2005.11.24"]
[SourceVersion "1"]
[SourceVersionDate "2005.11.24"]
[SourceQuality "1"]

1. e4 c5 2. Nf3 d6 3. d4 cxd4 4. Nxd4 Nf6 5. Nc3 g6 6. Be2 Bg7 7. 0-0 Nc6 8. Nb3 0-0 9. Bg5 Be6 10. Kh1 a6 11. f4 b5 12. Bf3 b4 13. Nd5 Bxd5 14. exd5 Na5 15. Nd4 h6 16. Bh4 Rc8 17. Re1 Rc5 18. Bf2 Rc8 19. Qe2 Re8 20. Qxa6 Ra8 21. Qe2 Qb8 22. a4 bxa3 23. bxa3 Qc8 24. a4 Kf8 25. Ra2 Qc4 26. Qxc4 Nxc4 27. Rd1 Reb8 28. Nc6 Rb2 29. Rxb2 Nxb2 30. Re1 Nxa4 31. Nxe7 Nd7 32. Nc6 Nac5 33. h3 Bc3 34. Re2 Ra4 35. Bg3 h5 36. f5 Nb7 37. fxg6 fxg6 38. Re3 Bf6 39. Rb3 Ndc5 40. Rb1 h4 41. Be1 Ne4 42. Kg1 Nbc5 43. Bxe4 Rxe4 44. Bf2 Rc4 45. Rb4 Rxc2 46. Bxh4 g5 47. Bg3 Nd3 48. Bxd6+ Kg7 49. Rb1 Kg6 50. Rd1 Nb2 51. Rf1 Nc4 52. Be7 Bb2 53. Re1 Kh5 54. Re6 g4 55. hxg4+ Kxg4 56. Re4+ Kf5 57. Re1 Rd2 58. Bb4 Rd3 59. Ne7+ Kg5 60. Bc5 Be5 61. Rc1 Ne3 62. Bxe3+ Rxe3 63. Nc6 Bf4 64. Rd1 Re8 65. d6 Rf8 66. d7 1-0